000
00263nam a22000977a 4500
008
130410b xxu||||| |||| 00| 0 eng d
020
_c
Avalable
_a
8178088223
082
_a
629.8FRA
245
_a
Digital Control of Dynamic Systems
_c
Franklin,Gene F.
250
_a
3rd Ed.
999
_c
23342
_d
23342